[Event "Unterfranken-ch HA 45th"]
[Site "Oberweissenbrunn"]
[Date "1994.??.??"]
[Round "1"]
[White "Buerger, Norbert"]
[Black "Pruditsch, Manfred"]
[Result "1-0"]
[WhiteElo "1643"]
[BlackElo "1118"]
[PlyCount "59"]
[EventDate "1994.04.04"]
[EventType "swiss"]
[EventRounds "9"]
[EventCountry "GER"]
[SourceTitle "EXT 2015"]
[Source "ChessBase"]
[SourceDate "2014.11.20"]
[SourceVersion "1"]
[SourceVersionDate "2014.11.20"]
[SourceQuality "1"]

1. d4 c5 2. d5 d6 3. e4 e5 4. c4 Be7 5. Nf3 Bg4 6. Be2 f5 7. g3 Bxf3 8. Bxf3 fxe4 9. Bxe4 Bg5 10. Qh5+ g6 11. Qxg5 Qxg5 12. Bxg5 Nd7 13. Nc3 Ne7 14. Nb5 Nb6 15. b3 Kd7 16. 0-0 Rhf8 17. f4 h6 18. Bxe7 Kxe7 19. fxe5 dxe5 20. Rxf8 Kxf8 21. Bxg6 a5 22. Nc7 Rd8 23. Ne6+ Ke7 24. Nxd8 Kxd8 25. a4 Nc8 26. Rf1 Ne7 27. Rf8+ Kd7 28. Bf5+ Kd6 29. Rf6+ Kc7 30. d6+ 1-0

[Event "Unterfranken-ch HA 45th"]
[Site "Oberweissenbrunn"]
[Date "1994.??.??"]
[Round "3"]
[White "Pruditsch, Manfred"]
[Black "Engelbrecht, Klaus"]
[Result "1-0"]
[WhiteElo "1118"]
[BlackElo "1266"]
[PlyCount "49"]
[EventDate "1994.04.04"]
[EventType "swiss"]
[EventRounds "9"]
[EventCountry "GER"]
[SourceTitle "EXT 2015"]
[Source "ChessBase"]
[SourceDate "2014.11.20"]
[SourceVersion "1"]
[SourceVersionDate "2014.11.20"]
[SourceQuality "1"]

1. Nf3 e6 2. b3 b6 3. Bb2 Bb7 4. c4 Nf6 5. e3 Be7 6. Be2 0-0 7. Qc2 Be4 8. d3 Bb4+ 9. Nc3 Bxf3 10. Bxf3 c6 11. a3 Be7 12. e4 d5 13. e5 Ne8 14. g3 f6 15. exf6 Bxf6 16. Bg2 Bxc3+ 17. Bxc3 d4 18. Bb2 Qd6 19. 0-0-0 Nd7 20. Rdf1 Rb8 21. f4 Nef6 22. h3 b5 23. Qf2 Nc5 24. Qc2 Nh5 25. Rf3 1-0